| 000 | 02041nam a22002537a 4500 | ||
|---|---|---|---|
| 999 |
_c62443 _d62443 |
||
| 003 | Ge_BSU | ||
| 005 | 20241101124306.0 | ||
| 008 | 241101s2024 ge ||||| |||| 00| 0 geo d | ||
| 020 | _a9789941991837 | ||
| 041 | _ageo | ||
| 080 | _a622.323(068 ნობელი) მ-25 | ||
| 100 |
_aმამულაიშვილი, ნორა _923596 |
||
| 245 |
_aნობელების ნავთობსარეწაო მოღვაწეობის ტრადიციები საქართველოში და თანამედროვე ნავთობსამრეწველო ტექნოლოგიები = The traditions oil work of Nobels in Georgia and the modern technologies of the oil industry / _cავტორები : ნორა მამულაიშვილი, ნანა ხახუტაიშვილი, თეა ხითარიშვილი; რედ. გაიოზ ფარცხალაძე. |
||
| 264 |
_aთბილისი : _b''საჩინო'', _c2024. |
||
| 300 |
_a248 გვ. : _bილ.; _c25 სმ. |
||
| 500 | _aშოთა რუსთაველის საქართველოს ეროვნული სამეცნიერო ფონდის საგამომცემლო სახელმწიფო საგრანტო კონკურსში გამარჯვებული სამეცნიერო პროექტი | ||
| 504 | _aბიბლიოგრაფია თავების ბოლოს | ||
| 653 | _aნავთობის მოპოვება | ||
| 653 | _aნავთობის ტექნოლოგიები | ||
| 700 |
_aხახუტაიშვილი, ნანა _eავტორი _923597 |
||
| 700 |
_aხითარიშვილი, თეა _eავტორი _923598 |
||
| 700 |
_aფარცხალაძე, გაიოზ _eრედაქტორი _923599 |
||
| 942 |
_2udc _cᲬᲘᲒᲜᲘ |
||